| 000 | 01256cam a2200229 4500500 | ||
|---|---|---|---|
| 005 | 20260222003223.0 | ||
| 041 | _afre | ||
| 042 | _adc | ||
| 100 | 1 | 0 |
_aAndraud, Jeanne _eauthor |
| 245 | 0 | 0 | _aLe soin |
| 260 | _c2008. | ||
| 500 | _a33 | ||
| 520 | _aRésuméIl y a deux sortes de soins, le soin « portage » global, celui qui porte attention à la globalité du sujet, et le soin psychique. Ce dernier ne prend son sens que parce qu’il y a le soin global.Prendre soin d’un enfant en institution, c’est porter une attention particulière à un sujet, qui le contienne, le porte, l’étaye. C’est l’accueillir dans un espace et un temps afin de lui permettre d’y occuper une place où la souffrance ne le submerge pas.Le soin psychique répond à une demande d’écoute et de travail psychique dans un cadre, espace-temps régulier centré sur la dynamique du sujet. | ||
| 690 | _aanalyse transitionnelle | ||
| 690 | _amédium malléable | ||
| 690 | _asignifiants formels | ||
| 690 | _asoin global | ||
| 690 | _asoin psychique | ||
| 690 | _atiers médiateur | ||
| 786 | 0 | _nEmpan | 69 | 1 | 2008-05-19 | p. 161-162 | 1152-3336 | |
| 856 | 4 | 1 | _uhttps://shs.cairn.info/revue-empan-2008-1-page-161?lang=fr&redirect-ssocas=7080 |
| 999 |
_c1667228 _d1667228 |
||